000 00559nam a22001937a 4500
005 20241216121129.0
010 _aENG-143118
020 _a9789386078773
_c1320.00
035 _aEN-126650
037 _bDBAD/PUB
082 _a954.31
100 _aRajeev Singh
_975195
245 _aHistory of the Cholas/
_cby Rajeev Singh
250 _a1
260 _aDelhi
_bPrakashan Kendra
_c2019
270 _a1/11955, First Floor, Road N0-65,Subhas Marg,Shahdara
_bDelhi
_e110032
300 _a200p. :
_b22cm(Hb)
942 _2ddc
_cEN
_h954.31
_mRAJ
999 _c207714
_d207714